banner koha

Dinamica populacional de Pratylenchus brachyurus em cultura de milho (Zea mays L.)infestada por plantas daninhas [nematoide] (Registro n. 334761)

MARC details
000 -LÍDER
campo de controle de tamanho fixo 01544naa a22003737a 4500
001 - NÚMERO DE CONTROLE
campo de controle BR8401360
003 - IDENTIFICADOR DO NÚMERO DE CONTROLE
campo de controle BR-BrBNA
005 - DATA E HORÁRIO DA ÚLTIMA TRANSAÇÃO
campo de controle 20250721154434.0
007 - CAMPO FIXO DE DESCRIÇÃO FÍSICA--INFORMAÇÃO GERAL
campo de controle de tamanho fixo ta
008 - CAMPO DE DADOS FIXOS--INFORMAÇÃO GERAL
campo de controle de tamanho fixo 250630b bl.|||m| |||| 00| 0 por d
040 ## - FONTE DA CATALOGAÇÃO
Instituição da catalogação original BR-BrBNA
Idioma da catalogação por
Instituição que transcreveu o registro Biblioteca Nacional de Agricultura
041 ## - CÓDIGO DE IDIOMA
Código do idioma do texto/trilha sonora ou título diferente (Pt)
072 ## - CÓDIGO DE CATEGORIA DE ASSUNTO
Código de Categoria de Assunto H10
Código do objeto 0120
-- 4050
090 ## - NÚMERO DE CHAMADA LOCAL
Número de chamada H10 BR8401360
100 1# - ENTRADA PRINCIPAL--NOME PESSOAL
Nome pessoal Stradioto, M.F.
100 1# - ENTRADA PRINCIPAL--NOME PESSOAL
Nome pessoal Ferraz, L.C.C.B.
100 1# - ENTRADA PRINCIPAL--NOME PESSOAL
Nome pessoal Pitelli, R.A.
111 1# - ENTRADA PRINCIPAL--NOME DO EVENTO
Nome do evento ou lugar 7. Reuniao Brasileira de Nematologia
Local do evento Brasilia, DF (Brazil)
Data do evento ou assinatura do tratado 21-25 Feb 1983
245 1# - TÍTULO
Título Dinamica populacional de Pratylenchus brachyurus em cultura de milho (Zea mays L.)infestada por plantas daninhas [nematoide]
246 1# - FORMA VARIANTE DO TÍTULO
Título/título abreviado Population dynamics of Pratylenchus brachyurus in a maize crop (Zea mays L.)infested with weeds [nematode]
246 1# - FORMA VARIANTE DO TÍTULO
Título/título abreviado [Works submitted to the 7. Brazilian Meeting on Nematology]
490 ## - TÍTULO DA SÉRIE
Título da série Publicacao - Sociedade Brasileira de Nematologia (Brazil)
Número do volume ou designação sequencial da série no. 7
ISSN - International Standard Serial Number ISSN 0101-7020
500 ## - NOTA GERAL
Nota geral Trabalhos apresentados a 7. Reuniao Brasileira de Nematologia<br/>Piracicaba, SP (Brasil): 1983. p. 99-115 [13 illus.; 6 ref.; Summaries (En, Pt)]<br/>(BR8401360-AMS)<br/>
650 ## - ASSUNTO--TERMO TÓPICO
Cabeçalho tópico ou nome geográfico MILHO
650 ## - ASSUNTO--TERMO TÓPICO
Cabeçalho tópico ou nome geográfico LAVOURA
650 ## - ASSUNTO--TERMO TÓPICO
Cabeçalho tópico ou nome geográfico ERVA DANINHA
650 ## - ASSUNTO--TERMO TÓPICO
Cabeçalho tópico ou nome geográfico HOSPEDEIRO
650 ## - ASSUNTO--TERMO TÓPICO
Cabeçalho tópico ou nome geográfico NEMATOIDE
650 ## - ASSUNTO--TERMO TÓPICO
Cabeçalho tópico ou nome geográfico INFESTACAO
650 ## - ASSUNTO--TERMO TÓPICO
Cabeçalho tópico ou nome geográfico DINAMICA POPULACIONAL
773 0# - ENTRADA ANALÍTICA
Título Trabalhos apresentados a 7. Reuniao Brasileira de Nematologia
Número de controle do registro H10 BR8401360
Partes relacionadas Piracicaba, SP (Brasil), 1983. p. 99-115
942 ## - ELEMENTOS DE ENTRADA ADICIONADOS (KOHA)
Tipo de material Koha Analítica de Monografia Seriada
Fonte da classificação ou esquema de arquivamento na estante Classificação AGRIS
909 ## -
-- 202506
-- Lúcia
-- 55
-- Lúcia Elande
Exemplares
Situação do descarte Fonte da classificação ou esquema de arquivamento na estante Situação física Não pode ser emprestado Coleção Biblioteca de origem Biblioteca atual Total de empréstimos Data de último acesso Número do exemplar Tipo de material Koha Situação das perdas Data de aquisição Fonte de aquisição
  Classificação AGRIS       Biblioteca Nacional de Agricultura - Binagri Biblioteca Nacional de Agricultura - Binagri   30/06/2025 01 Analítica de Monografia Seriada   2025-06-30 Portaria Interministerial nº 164/94

BINAGRI

Telefone: (61)3218-2567/2388/3357/2097 - binagri@agro.gov.br

Ministério da Agricultura e Pecuária , Esplanada dos Ministérios, Bloco D, Anexo B, Brasília/DF, CEP: 70.043-900